Central Library OPAC University of Rajshahi

সময় ও সাহিত্য / (Record no. 48792)

MARC details
000 -LEADER
fixed length control field 00901nam a2200241 a 4500
001 - CONTROL NUMBER
control field 48792
003 - CONTROL NUMBER IDENTIFIER
rucl marc code BD-RjUL
005 - DATE AND TIME OF LATEST TRANSACTION
control field 20211209054603.0
008 - FIXED-LENGTH DATA ELEMENTS--GENERAL INFORMATION
fixed length control field 160816s1967 bg ||||| |||| 00| 0 ben d
020 ## - INTERNATIONAL STANDARD BOOK NUMBER
Terms of availability : Tk. 4.00
035 ## - SYSTEM CONTROL NUMBER
System control number (BD-RjUL)48911
040 ## - CATALOGING SOURCE
Original cataloging agency BD-RjUL
Language of cataloging ben
Transcribing agency BD-RjUL
041 ## - LANGUAGE CODE
Language code of text/sound track or separate title ben
082 ## - DEWEY DECIMAL CLASSIFICATION NUMBER
Edition number 23
Classification number 891.4409
Author mark and year ISS 1967
100 ## - MAIN ENTRY--PERSONAL NAME
Personal name ইসলাম, আমিনুল
9 (RLIN) 147136
245 10 - TITLE STATEMENT
Title সময় ও সাহিত্য /
Statement of responsibility, etc. আমিনুল ইসলাম
250 ## - EDITION STATEMENT
Edition statement ১ম সং.
260 ## - PUBLICATION, DISTRIBUTION, ETC. (IMPRINT)
Place of publication, distribution, etc. ঢাকা :
Name of publisher, distributor, etc. সাম্প্রতিক প্রকাশনী,
Date of publication, distribution, etc. ১৯৬৭ (১৩৭৪)
300 ## - PHYSICAL DESCRIPTION
Pagination [৬], ১২৮ পৃ. ;
Size ১৯ সেমি
650 ## - SUBJECT ADDED ENTRY--TOPICAL TERM
Topical term or geographic name as entry element বাংলা সাহিত্য
General subdivision ইতিহাস ও সমালোচনা
9 (RLIN) 147137
Topical term or geographic name as entry element Bengali Literature
General subdivision History and Criticism
9 (RLIN) 147138
942 ## - ADDED ENTRY ELEMENTS (KOHA)
Source of classification or shelving scheme Dewey Decimal Classification
Koha item type Books
Holdings
Lost status Source of classification or shelving scheme Damaged status Not for loan Collection code Permanent Location Current Location Shelving location Date acquired Source of acquisition Cost, normal purchase price Total Checkouts Full call number Date last seen Copy number Koha item type Checked out Date checked out
  Dewey Decimal Classification     Non-fiction Central Library, University of Rajshahi Central Library, University of Rajshahi   23/06/1970 Pakistan book centre 4.00   B 891.4409 ISS 1967 16/08/2016 C-2 Books    
  Dewey Decimal Classification     Non-fiction Central Library, University of Rajshahi Central Library, University of Rajshahi   23/06/1970   4.00   B 891.4409 ISS 1967 17/08/2016 C-3 Books    
  Dewey Decimal Classification     Non-fiction Central Library, University of Rajshahi Central Library, University of Rajshahi   23/06/1970   4.00   B 891.4409 ISS 1967 17/08/2016 C-4 Books    
  Dewey Decimal Classification     Non-fiction Central Library, University of Rajshahi Central Library, University of Rajshahi   23/06/1970 Pakistan book centre 4.00 1 B 891.4409 ISS 1967 17/05/2026 C-5 Books 16/07/2026 17/05/2026
  Dewey Decimal Classification     Non-fiction Central Library, University of Rajshahi Central Library, University of Rajshahi   23/06/1970 Pakistan book centre 4.00   B 891.4409 ISS 1967 17/08/2016 C-6 Books    
  Dewey Decimal Classification     Non-fiction Central Library, University of Rajshahi Central Library, University of Rajshahi   23/06/1970 Pakistan book centre 4.00   B 891.4409 ISS 1967 17/08/2016 C-7 Books    
  Dewey Decimal Classification     Non-fiction Central Library, University of Rajshahi Central Library, University of Rajshahi   23/06/1970 Pakistan book centre 4.00   B 891.4409 ISS 1967 17/08/2016 C-8 Books    
  Dewey Decimal Classification     Non-fiction Central Library, University of Rajshahi Central Library, University of Rajshahi   16/05/1970 Nawroge 4.00   B 891.4409 ISS 1967 20/08/2016 C-9 Books